Black Cloud (Record no. 1582)
[ view plain ]
| 000 -LEADER | |
|---|---|
| fixed length control field | 02461cgm a2200505Ia 4500 |
| 003 - CONTROL NUMBER IDENTIFIER | |
| control field | OCoLC |
| 005 - DATE AND TIME OF LATEST TRANSACTION | |
| control field | 20241220102738.0 |
| 007 - PHYSICAL DESCRIPTION FIXED FIELD--GENERAL INFORMATION | |
| fixed length control field | vd cvaizq |
| 008 - FIXED-LENGTH DATA ELEMENTS--GENERAL INFORMATION | |
| fixed length control field | 050615s2005 cau097 g vleng d |
| 001 - CONTROL NUMBER | |
| control field | ocm60640884 |
| 020 ## - INTERNATIONAL STANDARD BOOK NUMBER | |
| International Standard Book Number | 0780651766 |
| 035 ## - SYSTEM CONTROL NUMBER | |
| System control number | (Sirsi) i9780780651760 |
| 040 ## - CATALOGING SOURCE | |
| Original cataloging agency | EOL |
| Transcribing agency | EOL |
| Modifying agency | RCS |
| -- | UINTA |
| 041 1# - LANGUAGE CODE | |
| Language code of text/sound track or separate title | eng |
| Language code of summary or abstract/overprinted title or subtitle | eng |
| -- | spa |
| Language code of original and/or intermediate translations of text | eng |
| 049 ## - LOCAL HOLDINGS (OCLC) | |
| Holding library | UCLB |
| 082 04 - DEWEY DECIMAL CLASSIFICATION NUMBER | |
| Classification number | 791.43/72 |
| Edition number | 22 |
| 092 ## - LOCALLY ASSIGNED DEWEY CALL NUMBER (OCLC) | |
| Classification number | 791.437 BLA |
| 245 10 - TITLE STATEMENT | |
| Title | Black Cloud |
| Medium | [videorecording] / |
| Statement of responsibility, etc | Old Post Films in association with Tule River Films and High Maintenance Films present a film by Rick Schroder. |
| 250 ## - EDITION STATEMENT | |
| Edition statement | Widescreen [ed.]. |
| 260 ## - PUBLICATION, DISTRIBUTION, ETC. (IMPRINT) | |
| Place of publication, distribution, etc | Los Angeles, Calif. : |
| Name of publisher, distributor, etc | New Line Home Entertainment, |
| Date of publication, distribution, etc | c2005. |
| 300 ## - PHYSICAL DESCRIPTION | |
| Extent | 1 videodisc (ca. 97 min.) : |
| Other physical details | sd., col. ; |
| Dimensions | 4 3/4 in. |
| 500 ## - GENERAL NOTE | |
| General note | Special features include: audio commentary track with director Rick Schroder, Tim McGraw, and boxing coach Jimmy Gambina. |
| 508 ## - CREATION/PRODUCTION CREDITS NOTE | |
| Creation/production credits note | Director of photography, Steve Gainer ; editors, Ed Marx, Geraud Brisson ; music, Chad Fischer, John Nordstrom. |
| 511 1# - PARTICIPANT OR PERFORMER NOTE | |
| Participant or performer note | Eddie Spears, Russell Means, Julia Jones, Rick Schroder, Tim McGraw, "Pooch" Marion Hall, Peter Green, Wayne Knight, Nathaniel Arcand. |
| 520 ## - SUMMARY, ETC. | |
| Summary, etc | A boxer faces his most formidable opponent - himself - in Black Cloud, an inspiring, award-winning film highlighted by knockout performances. Fueled by his rage, Navajo Indian Black Cloud is an accomplished fighter both in and out of the ring. When he gets a chance to win a spot on the Olympic boxing team, Black Cloud embarks on a journey of self-discovery that will lead him to his greatest victory. |
| 521 8# - TARGET AUDIENCE NOTE | |
| Target audience note | MPAA rating: PG-13; for violence and language, including sexual innuendo. |
| 538 ## - SYSTEM DETAILS NOTE | |
| System details note | DVD, region 1, widescreen (1.85:1) presentation; Dolby Digital 5.1. |
| 546 ## - LANGUAGE NOTE | |
| Language note | English; optional English or Spanish subtitles. |
| 650 #0 - SUBJECT ADDED ENTRY--TOPICAL TERM | |
| Topical term or geographic name as entry element | Boxing |
| Form subdivision | Drama. |
| 9 (RLIN) | 5803061 |
| 650 #7 - SUBJECT ADDED ENTRY--TOPICAL TERM | |
| Topical term or geographic name as entry element | Boxeo |
| Form subdivision | Teatro. |
| Source of heading or term | bidex |
| 9 (RLIN) | 6498119 |
| 655 #0 - INDEX TERM--GENRE/FORM | |
| Genre/form data or focus term | Feature films. |
| 9 (RLIN) | 6085770 |
| 655 #7 - INDEX TERM--GENRE/FORM | |
| Genre/form data or focus term | Sports |
| Form subdivision | Feature. |
| Source of term | local |
| 9 (RLIN) | 5730074 |
| 655 #0 - INDEX TERM--GENRE/FORM | |
| Genre/form data or focus term | Video recordings for the hearing impaired. |
| 9 (RLIN) | 6085771 |
| 700 1# - ADDED ENTRY--PERSONAL NAME | |
| Personal name | Schroder, Ricky. |
| 9 (RLIN) | 27311 |
| 700 1# - ADDED ENTRY--PERSONAL NAME | |
| Personal name | Spears, Eddie. |
| 9 (RLIN) | 72314 |
| 700 1# - ADDED ENTRY--PERSONAL NAME | |
| Personal name | Means, Russell, |
| Dates associated with a name | 1939- |
| 9 (RLIN) | 12956 |
| 700 1# - ADDED ENTRY--PERSONAL NAME | |
| Personal name | Jones, Julia. |
| 9 (RLIN) | 28549 |
| 700 1# - ADDED ENTRY--PERSONAL NAME | |
| Personal name | McGraw, Tim. |
| 9 (RLIN) | 61821 |
| 700 1# - ADDED ENTRY--PERSONAL NAME | |
| Personal name | Green, Peter. |
| 9 (RLIN) | 16019 |
| 710 2# - ADDED ENTRY--CORPORATE NAME | |
| Corporate name or jurisdiction name as entry element | New Line Home Entertainment (Firm) |
| 9 (RLIN) | 66832 |
| 942 ## - ADDED ENTRY ELEMENTS (KOHA) | |
| Koha item type | DVD |
| 994 ## - | |
| -- | C0 |
| -- | UINTA |
| 979 ## - | |
| -- | 242269 |
| 998 ## - LOCAL CONTROL INFORMATION (RLIN) | |
| -- | a3378 |
| Withdrawn status | Lost status | Source of classification or shelving scheme | Damaged status | Not for loan | Collection code | Home library | Current library | Shelving location | Date acquired | Source of acquisition | Cost, normal purchase price | Total Checkouts | Total Renewals | Full call number | Barcode | Date last seen | Date checked out | Cost, replacement price | Price effective from | Koha item type |
|---|---|---|---|---|---|---|---|---|---|---|---|---|---|---|---|---|---|---|---|---|
| Dewey Decimal Classification | Movies | Wasatch County Library | Wasatch County Library | Audio Visual Area | 09/29/2008 | Amazon | 15.95 | 84 | 7 | DVD Bla | 34301000772519 | 02/19/2026 | 02/12/2026 | 15.95 | 03/20/2020 | DVD |
